| 000 | 00535nam a22001817a 4500 | ||
|---|---|---|---|
| 005 | 20260330114349.0 | ||
| 008 | 260330b |||||||| |||| 00| 0 eng d | ||
| 020 | _a978-0-7817-9766-5 | ||
| 100 | _aSINKO, PATRICK J. | ||
| 245 | _aMARTIN'S PHYSICAL PHARMACY AND PHARMACEUTICAL SCIENCES | ||
| 250 | _a6TH ED | ||
| 260 |
_aPHILADELPHIA _bWOLTERS KLUWER _c2011 |
||
| 300 | _aVIII, 659P. | ||
| 500 | _aINCLUDES INDEX | ||
| 650 | _a1. CHEMISTRY, PHARMACEUTICAL 2. CHEMISTRY, PHYSICAL | ||
| 700 | _aSINGH, YASHVEER | ||
| 942 |
_2lcc _cBK |
||
| 999 |
_c216895 _d216895 |
||